Port Adelaide Power Roster - Statistics

General Stats
  • This quiz has been taken 7 times
  • The average score is 18 of 42
Answer Stats
Hint Answer % Correct
1 Connor Rozee
75%
31 Ewan Mackinlay
75%
3 Jackson Mead
75%
50 Mani Liddy
75%
14 Miles Bergman
75%
2 Sam Powell-Pepper
75%
4 Todd Marshall
75%
9 Zak Butters
75%
21 Aliir Aliir
50%
11 Christian Moraes
50%
38 Dante Visentini
50%
33 Darcy Byrne-Jones
50%
12 Jack Lukosius
50%
15 Jacob Wehr
50%
7 Jase Burgoyne
50%
18 Jason Horne-Francis
50%
5 Joe Berry
50%
24 Jordon Sweet
50%
34 Lachie Jones
50%
19 Mitch Georgiades
50%
30 Ollie Lord
50%
29 Tom Anastasopoulos
50%
45 Xavier Walsh
50%
25 Brandon Zerk-Thatcher
25%
44 Corey Durdin
25%
27 Esava Ratugolea
25%
32 Harrison Ramm
25%
13 Ivan Soldo
25%
37 Jack Watkins
25%
17 Jack Whitlock
25%
42 Jacob Moss
25%
35 Joe Richards
25%
43 Josh Lai
25%
8 Josh Sinn
25%
22 Logan Evans
25%
16 Ollies Wines
25%
26 Tom Cochrane
25%
23 Will Brodie
25%
28 Willem Drew
25%
36 Wil Lorenz
25%
40 Benny Barrett
0%
6 Kane Ferrell
0%
No matching quizzes found
Score Distribution
Percent of People with Each Score
Percentile by Number Answered
Your Score History
You have not taken this quiz